| 000 | 01167cam a2200241 4500 | ||
|---|---|---|---|
| 001 | E132796 | ||
| 008 | 010726n2005 000 0 eng u | ||
| 020 | _a1904388590 | ||
| 035 | _a(Sirsi) u132796 | ||
| 050 |
_a657.95 _c18 |
||
| 100 | _aSmee, Richard | ||
| 245 |
_aContent and interpretation of company accounts _ba CPD study pack |
||
| 260 |
_aOxford _bCollege of Estate Management _c2005 |
||
| 350 | _a53.50 | ||
| 490 | _aCollege of Estate Management CPD Study Pack | ||
| 520 | _aInternational Financial Reporting Standards (IFRS) introduced in 2005 for European listed companies has changed the financial landscape. This pack explains the principal IFRS rules, contrasts them with the previous UK principles and explains how interpretation of an annual report can give you a picture of past and future performance. IFRS will increasingly also apply to private companies' accounts, so this pack will be of interest to all involved with budgets or accounts in any capacity. | ||
| 520 | _aSupersedes 2001 edition (ISBN 1899769293). | ||
| 650 | _aACCOUNTANCY | ||
| 650 | _aCOMPANY ACCOUNTS | ||
| 690 | _aFINANCE | ||
| 700 | _aGeddes, Tim | ||
| 942 | _n0 | ||
| 999 |
_c105233 _d105233 |
||